Chernobyl, a technical appraisal : proceedings of the seminar organized by the British Nuclear Energy Society held in London on 3 October 1986.

Bibliographic Details
Corporate Author: British Nuclear Energy Society
Format: Book
Language:English
Published: London : [Telford for the] British Nuclear Energy Society, 1987.
Subjects:

MARC

Tag First Indicator Second Indicator Subfields
LEADER 00000cam a2200000 a 4500
001 in00000024834
005 20151007054421.0
008 870812s1987 enka b 10000 eng d
010 |a gb 87018772  
015 |a GB87-18772 
020 |a 0727703943 (pbk) :  |c £15.00 
035 |a (OCoLC)15653444 
035 |9 AAB4992AM 
040 |a UKM  |c UKM  |d UtOrBLW 
043 |a e-ur-un 
049 |a TXAM  |c [A11110182] 
050 1 0 |a TK1362.S65C4 
050 4 |a TK1362.S65  |b C4 1987 
082 0 |a 363.1/79  |2 19 
245 0 0 |a Chernobyl, a technical appraisal :  |b proceedings of the seminar organized by the British Nuclear Energy Society held in London on 3 October 1986. 
264 1 |a London :  |b [Telford for the] British Nuclear Energy Society,  |c 1987. 
300 |a 92 pages :  |b illustrations ;  |c 24 cm. 
336 |a text  |b txt  |2 rdacontent 
337 |a unmediated  |b n  |2 rdamedia 
338 |a volume  |b nc  |2 rdacarrier 
504 |a Includes bibliographies. 
650 0 |a Nuclear power plants  |z Ukraine  |z Chornobylʹ  |x Accidents. 
710 2 |a British Nuclear Energy Society. 
999 |a MARS 
999 f f |s 88c38eb2-0f24-3127-b1a9-155744c7b2ef  |i dca41c11-14f4-3288-95ac-f6be237febc9  |t 0 
952 f f |p normal  |a Texas A&M University  |b College Station  |c Sterling C. Evans Library  |d Evans: Library Stacks  |t 0  |e TK1362.S65 C4 1987  |h Library of Congress classification  |i unmediated -- volume  |m A14811110182 
998 f f |a TK1362.S65 C4 1987  |t 0  |l Evans: Library Stacks